Dragon Type Pokemon - Statistics

General Stats
  • This quiz has been taken 1,182 times
    726 since last reset
  • The average score is 43 of 56
Answer Stats
Region Pokemon % Correct
Dragonite
100%
Dragonair
99%
Kanto Dratini
99%
Salamence
91%
Bagon
90%
Garchomp
89%
Dialga
88%
Gabite
88%
Sinnoh Gible
88%
Rayquaza
88%
Shelgon
88%
Giratina
87%
Palkia
87%
Reshiram
86%
Zekrom
86%
Deino
85%
Hydreigon
85%
Unova Axew
84%
Haxorus
84%
Kyurem
84%
Zweilous
84%
Goodra
83%
Goomy
83%
Johto Kingdra
83%
Druddigon
81%
Flygon
81%
Latias
81%
Latios
81%
Fraxure
80%
Sliggoo
80%
Hoenn Vibrava
79%
Altaria
78%
Zygarde
76%
Kommo-o
75%
Alolan Form Exeggutor
73%
Jangmo-o
73%
Noivern
72%
Eternatus
71%
Noibat
71%
Hakamo-o
70%
Dragapult
69%
Drampa
68%
Dreepy
67%
Kalos Dragalge
65%
Drakloak
63%
Tyrantrum
63%
Tyrunt
62%
Flapple
61%
Guzzlord
61%
Alola Turtonator
60%
Appletun
59%
Galar Applin
59%
Duraludon
57%
Dracovish
55%
Dracozolt
54%
Naganadel
52%
No matching quizzes found
Score Distribution
Percent of People with Each Score
Percentile by Number Answered
Your Score History
You have not taken this quiz since the last reset